|
|
|
|
| LEADER |
00000cam a2200000 a 4500 |
| 001 |
vtls008732188 |
| 003 |
SK-MaSNL |
| 005 |
20260301205541.0 |
| 008 |
160627s1996 xo g 000 0dslo |
| 020 |
|
|
|a 8085665603 (viaz.)
|
| 035 |
|
|
|a POKPOH27341
|
| 040 |
|
|
|a SNK
|b slo
|c SNK
|e AACR2
|
| 041 |
0 |
|
|a slo
|
| 044 |
|
|
|a xo
|c SK
|
| 072 |
|
7 |
|a 929
|x Biografie
|2 konspekt
|
| 072 |
|
7 |
|a 314
|x Demografia. Populácia
|2 konspekt
|
| 080 |
|
|
|a 314.151.3-054.7
|2 2001
|
| 080 |
|
|
|a 929
|2 2001
|
| 080 |
|
|
|a (=162.4)
|2 2001
|
| 080 |
|
|
|a (73)
|2 2001
|
| 080 |
|
|
|a (0:82-94)
|2 2001
|
| 100 |
1 |
|
|a Danihels, Leopold J.,
|d 1923-2003
|4 aut
|9 248470
|
| 245 |
1 |
0 |
|a Hľadanie rodného hniezda
|c Danihels
|
| 250 |
|
|
|a [1. vyd.]
|
| 260 |
|
|
|a Bratislava
|b Sapac
|c 1996
|
| 300 |
|
|
|a 97 s.
|c 21 cm
|
| 600 |
1 |
7 |
|a Danihels, Leopold J.,
|d 1923-2003
|2 SNKMA
|9 248470
|
| 650 |
0 |
7 |
|a emigranti
|z Slovensko
|2 SNKPH
|9 343316
|
| 650 |
0 |
7 |
|a spomienky
|2 SNKPH
|9 55795
|
| 651 |
|
7 |
|a Spojené štáty americké
|2 SNKPH
|9 18262
|
| 919 |
|
|
|a 80-85665-60-3
|
| 999 |
|
|
|c 910550
|d 912480
|
| 952 |
|
|
|a SNK
|b SNK
|y PREZ
|7 0
|p 17A0766187
|o snkSD 80994
|i snk2012/8342
|8 1
|0 0
|1 0
|4 0
|d 2012-04-24
|l 0
|r 2025-12-01 00:00:00
|w 2026-02-24
|
| 952 |
|
|
|a SNK
|b SNK
|y VYP
|7 0
|p 17A1483571
|o snkSD 80994 D1
|i snk2013/30056
|8 7
|0 0
|1 0
|4 0
|d 2022-10-03
|l 0
|r 2026-02-24 07:41:59
|w 2026-02-24
|